000 01532nam0a2200301 4500
001 RU\NLR\bibl\948283
005 20250614200522.0
035 _a(NLR Aleph) 000936405
090 _a192176
_c192176
100 _a20060515d2006 |||y0rusy50 ca
101 0 _arus
102 _aRU
105 _aa |||||||||
200 1 _a50 лет Центральному научно-исследовательскому институту "Электрон"
_e[исторический очерк
_fк.т.н. М.Р. Айнбунд, В.А. Арутюнов, д.ф.-м.н., проф. Б.Э. Бонштедт и др.
_gотв. ред. И.С. Васильев]
210 _aСанкт-Петербург
_c[б. и.]
_d2006
215 _a131 с.
_cил., цв. ил.
_d31
601 0 2 _a"Электрон", ЦНИИ
_cСанкт-Петербург, город
_xИстория
_92426134
_3RU\NLR\auth\661444422
686 _aЗ94е(2)л2
701 1 _aАйнбунд
_bМ. Р.
_f1938-
_gМихаил Рувимович
_4070
701 1 _aАрутюнов
_bВ. А.
_f1942-
_gВалентин Артемович
_4070
701 1 _aБонштедт
_bБ. Э.
_f1929-
_gБорис Эдуардович
_4070
702 1 _aВасильев
_bИ. С.
_f1941-
_gИван Сергеевич
_4340
801 0 _aRU
_bNLR
_c20060515
_grcr
801 1 _aRU
_bNLR
_c20060515
830 _aАвт. и ред. по кн.
942 _cBOOK
980 _aNB